00580nam a2200193Ia 4500008004100000020001800041082000800059100002500067245004200092250000600134260003900140300001800179500002400197650001400221700003700235942000700272952009000279999001700369230524s9999 xx 000 0 und d a9789382332183 bPAN aMukesh Pandey942926 0aMechanical Engineering DATA Hand Book a1 aNew DelhibI.K.Internationalc2015 a"XXII,1115p;" aQuantity Number: 1 aMechanics a"Pushpendra Sharma, etl."942927 cBK 00104070aTATCLbTATCLcGENd2023-05-24l0o PANp54184r2023-05-24w2023-05-24yBK c57891d57891